আওয়ামী লীগ ও ভাষা আন্দোলন / (Record no. 78905)
[ view plain ]
| 000 -LEADER | |
|---|---|
| fixed length control field | 00959nam a2200265 a 4500 |
| 001 - CONTROL NUMBER | |
| control field | 78905 |
| 003 - CONTROL NUMBER IDENTIFIER | |
| rucl marc code | BD-RjUL |
| 005 - DATE AND TIME OF LATEST TRANSACTION | |
| control field | 20211209083204.0 |
| 008 - FIXED-LENGTH DATA ELEMENTS--GENERAL INFORMATION | |
| fixed length control field | 211128s2020 bg ||||| |||| 00| 0 ben d |
| 020 ## - INTERNATIONAL STANDARD BOOK NUMBER | |
| International Standard Book Number | 9789840425228 |
| Terms of availability | : Tk. 1000.00 |
| 035 ## - SYSTEM CONTROL NUMBER | |
| System control number | (BD-RjUL)79132 |
| 040 ## - CATALOGING SOURCE | |
| Original cataloging agency | BD-RjUL |
| Language of cataloging | eng |
| Transcribing agency | BD-RjUL |
| 041 ## - LANGUAGE CODE | |
| Language code of text/sound track or separate title | ben |
| 082 ## - DEWEY DECIMAL CLASSIFICATION NUMBER | |
| Edition number | 23 |
| Classification number | 306.4495492 |
| Author mark and year | ALA 2020 |
| 245 10 - TITLE STATEMENT | |
| Title | আওয়ামী লীগ ও ভাষা আন্দোলন / |
| Statement of responsibility, etc. | এম. আবদুল আলীম |
| 260 ## - PUBLICATION, DISTRIBUTION, ETC. (IMPRINT) | |
| Place of publication, distribution, etc. | ঢাকা : |
| Name of publisher, distributor, etc. | আগামী প্রকাশনী, |
| Date of publication, distribution, etc. | ২০২০ |
| 300 ## - PHYSICAL DESCRIPTION | |
| Pagination | ৪১৩ পৃ.; |
| Size | ২২ সেমি. |
| 650 ## - SUBJECT ADDED ENTRY--TOPICAL TERM | |
| Topical term or geographic name as entry element | বাংলা ভাষা আন্দোলন |
| 9 (RLIN) | 250675 |
| Topical term or geographic name as entry element | Bengali language movement |
| 9 (RLIN) | 250676 |
| Topical term or geographic name as entry element | আওয়ামী লীগ |
| 9 (RLIN) | 250677 |
| Topical term or geographic name as entry element | Awami League. |
| 9 (RLIN) | 250678 |
| Topical term or geographic name as entry element | ভাষা নীতি |
| 9 (RLIN) | 250679 |
| Topical term or geographic name as entry element | Language policy |
| 9 (RLIN) | 250680 |
| 942 ## - ADDED ENTRY ELEMENTS (KOHA) | |
| Source of classification or shelving scheme | Dewey Decimal Classification |
| Koha item type | Books |
| Lost status | Source of classification or shelving scheme | Damaged status | Not for loan | Collection code | Permanent Location | Current Location | Shelving location | Date acquired | Source of acquisition | Cost, normal purchase price | Total Checkouts | Full call number | Date last seen | Copy number | Koha item type |
|---|---|---|---|---|---|---|---|---|---|---|---|---|---|---|---|
| Dewey Decimal Classification | Non-fiction | Central Library, University of Rajshahi | Central Library, University of Rajshahi | 01/11/2021 | Rajshahi Bidasagar | 750.00 | B 306.4495492 ALA 2020 | 28/11/2021 | C-2 | Books | |||||
| Dewey Decimal Classification | Not For Loan | Non-fiction | Central Library, University of Rajshahi | Central Library, University of Rajshahi | Bangabandhu Corner Section | 01/11/2021 | Rajshahi Bidasagar | 750.00 | B 306.4495492 ALA 2020 | 28/11/2021 | C-1 | Books |